British Sports Stars By Surname - The Letter W (Photo Quiz) - Statistics

General Stats
  • This quiz has been taken 27 times
  • The average score is 10 of 20
Answer Stats
Picture Hint Answer % Correct
Born 1979 Rugby Union Jonny Wilkinson
85%
Born 1962 Snooker Jimmy White
81%
Born 1945 Tennis Virginia Wade
77%
Born 1980 Cycling Bradley Wiggins
73%
Born 1961 Athletics Fatima Whitbread
69%
Born 1990 Football Kyle Walker
65%
Born 1958 Golf Ian Woosnam
62%
1949-2024 Rugby Union JPR Williams
62%
Born 1952 Athletics Allan Wells
58%
Born 1941 Football Bob Wilson
58%
1954-2024 Swimming David Wilkie
58%
Born 1975 Snooker Mark Williams
54%
1949-2019 Cricket Bob Willis
42%
Born 1993 Gymnastics Max Whitlock
42%
Born 1984 Football Fara Williams
38%
Born 1987 Golf Danny Willett
31%
Born 1993 Athletics Bianca Williams
23%
Born 1948 Boxing Jim Watt
23%
Born 1994 Athletics Jake Wightman
15%
Born 1946 Motor Racing John Watson
15%
No matching quizzes found
Score Distribution
Percent of People with Each Score
Percentile by Number Answered
Your Score History
You have not taken this quiz